| Поле | Инд. | ПП | Название | Значение |
|---|---|---|---|---|
| Тип записи | a | |||
| Библиографический уровень | b | |||
| 001 | Контрольный номер | RU/IS/BASE/253199337 | ||
| 005 | Дата корректировки | 20220715140344.1 | ||
| 008 | Кодируемые данные | 20080109 | ||
| 040 | b | Код языка каталог. | rus | |
| e | Правила каталог. | PSBO | ||
| 041 | 0_ | a | Код языка текста | rus |
| 084 | a | Индекс другой классификации/Индекс ББК | 60.524.224.53 | |
| 100 | 1_ | a | Автор | Гладько А. М. |
| q | Полное имя | Гладько Александр Михайлович | ||
| 245 | 10 | a | Заглавие | Кто в России заинтересован в общественном телевидении? |
| 504 | a | Библиография | Библиогр. ссылки. - Примеч. | |
| 650 | a | Основная рубрика | социология | |
| 653 | a | Ключевые слова | массовые коммуникации | |
| a | Ключевые слова | общественное телевидение | ||
| a | Ключевые слова | Россия | ||
| a | Ключевые слова | социология телевидения | ||
| a | Ключевые слова | средства массовой информации (СМИ) | ||
| a | Ключевые слова | телевидение | ||
| a | Ключевые слова | управление общественным телевидением | ||
| a | Ключевые слова | финансирование общественного телевидения | ||
| 773 | 0_ | t | Заглавие источника | Вестник Московского университета. Серия 18, Социология и политология |
| d | Дата издания источника | 2007 | ||
| g | Прочая информация | № 3. - С. 43 - 56 : табл. | ||
| w | Контрольный № источника | RU/IS/BASE/250005829 | ||
| 901 | t | Тип документа | b |